Casa de muñecas / (Registro nro. 8876)

Detalles MARC
000 -LEADER
fixed length control field 00573nam a22002177a 4500
003 - CONTROL NUMBER IDENTIFIER
control field DO-SdBNP
005 - DATE AND TIME OF LATEST TRANSACTION
control field 20180118091232.0
008 - FIXED-LENGTH DATA ELEMENTS--GENERAL INFORMATION
fixed length control field 151005b 19uu pe 00| 0 spa d
040 ## - CATALOGING SOURCE
Original cataloging agency BPMSU
Language of cataloging spa
Transcribing agency BPMSU
092 ## - LOCALLY ASSIGNED DEWEY CALL NUMBER (OCLC)
Classification number xxxxx
Item number xxxxx
100 1# - MAIN ENTRY--PERSONAL NAME
Personal name Ibsen, Henrik
245 10 - TITLE STATEMENT
Title Casa de muñecas /
Statement of responsibility, etc. Henrik Ibsen.
260 ## - PUBLICATION, DISTRIBUTION, ETC. (IMPRINT)
Place of publication, distribution, etc. Lima, Peru :
Name of publisher, distributor, etc. Santa Barbara,
Date of publication, distribution, etc. [19--].
300 ## - PHYSICAL DESCRIPTION
Extent 98 p. ;
Dimensions 15 cm.
490 1# - SERIES STATEMENT
Series statement Saber humano
521 1# - TARGET AUDIENCE NOTE
Target audience note A partir de los 12 años
830 #0 - SERIES ADDED ENTRY--UNIFORM TITLE
Uniform title Saber humano
942 ## - ADDED ENTRY ELEMENTS (KOHA)
Source of classification or shelving scheme Dewey Decimal Classification
Koha item type Libros
945 ## - LOCAL PROCESSING INFORMATION (OCLC)
a Inventariado, 2018 / LP
956 ## - LOCAL ELECTRONIC LOCATION AND ACCESS (OCLC)
Host name Yngrid Lockward
Access number 10
Existencias
Withdrawn status Lost status Source of classification or shelving scheme Damaged status Not for loan Collection code Home library Current library Date acquired Source of acquisition Total Checkouts Date last seen Price effective from Koha item type
    Dewey Decimal Classification     Colección General Biblioteca Pública Metropolitana Salomé Ureña Biblioteca Pública Metropolitana Salomé Ureña 01/18/2018 FUNDI   01/18/2018 01/18/2018 Libros